| 000 | 00741nam2a22002411 4500 | ||
|---|---|---|---|
| 001 | rc\97079 | ||
| 005 | 20250620200908.0 | ||
| 010 |
_a5-7718-0028-7 _950000 |
||
| 035 | _a(NLR Aleph) 005402063 | ||
| 090 |
_a7285004 _c7285004 |
||
| 100 | _a20021216d1996 |||y0rusy50 ca | ||
| 101 | 0 | _arus | |
| 102 | _aRU | ||
| 105 | _ay ||||||||| | ||
| 200 | 0 | _aВып. 4 | |
| 210 |
_d1996 _aБ. м. |
||
| 215 | _a31 с. | ||
| 461 | 0 |
_1001rc\97075 _12001#$aКроссворды$f[Сост. А.И. Уральский]$vВып. 4 _97284968 _cМ. _d1995- _f[Сост. А.И. Уральский] _nСветлана _tКроссворды _vВып. 4 |
|
| 801 | 0 |
_aRU _bNLR _gpsbo |
|
| 801 | 1 |
_aRU _bELAR _2rusmarc |
|
| 852 |
_aNLR _j96-4/2753 |
||
| 942 | _cBOOK | ||
| 980 | _aNB | ||